000 00284nam a2200121Ia 4500
008 241002s9999 xx 000 0 und d
082 _a193 FRI
100 _aFriedrich, Garl J.
245 4 _aThe Philosophy of Kant
260 _aNew York:
_c1949
600 _aPhilosophy
942 _cUC
999 _c18417
_d18417